[Event "Voïvode Draculea-ch"]
[Site "Quebec CAN"]
[Date "2021.05.28"]
[Round "2"]
[White "Grenier, Jean-Michel"]
[Black "Potvin, Alain-Nicolas"]
[Result "1-0"]
[WhiteElo "1646"]
[BlackElo "1676"]
[PlyCount "149"]
[EventDate "2021.05.28"]
[EventType "tourn (rapid)"]
[EventRounds "5"]
[EventCountry "CAN"]

1. d4 g6 2. c4 Bg7 3. Nf3 Nf6 4. Nc3 d6 5. e4 O-O 6. Be2 e5 7. O-O exd4 8. Nxd4
c6 9. Bg5 h6 10. Bh4 Qe8 11. f3 Nbd7 12. Bg3 Ne5 13. h3 Be6 14. Nxe6 Qxe6 15.
b3 Rad8 16. Qc2 d5 17. f4 Ned7 18. e5 Ne4 19. cxd5 cxd5 20. Nxe4 dxe4 21. Qxe4
Nc5 22. Qc4 Qxc4 23. Bxc4 Ne4 24. Be1 a6 25. Bb4 Rfe8 26. Rad1 b5 27. Bd5 Ng3
28. Rfe1 Bf8 29. Ba5 Rc8 30. Kf2 Nf5 31. Bb7 Rc2+ 32. Re2 Bc5+ 33. Ke1 Rxe2+
34. Kxe2 Nd4+ 35. Kf1 Rb8 36. Be4 Kg7 37. Bc7 Rc8 38. Bd6 Bxd6 39. exd6 Ne6 40.
f5 Nc5 41. Bb1 Rd8 42. fxg6 fxg6 43. Rd5 Ne6 44. Be4 Nf4 45. Rd1 Kf6 46. g3 Ne6
47. Bc6 Ke5 48. d7 Kf6 49. Kf2 Nc5 50. Kf3 Ke7 51. Rd5 Nxd7 52. Bxd7 Rxd7 53.
Rxd7+ Kxd7 54. Ke4 Ke6 55. g4 Kd6 56. b4 Ke6 57. h4 h5 58. gxh5 gxh5 59. a3 Kd6
60. Kf5 Kd5 61. Kg5 Kc4 62. Kxh5 Kb3 63. Kg6 Kxa3 64. h5 Kxb4 65. h6 a5 66. h7
a4 67. h8=Q a3 68. Qa1 Kb3 69. Kf5 b4 70. Ke4 Kc2 71. Qa2+ Kc3 72. Qa1+ Kc2 73.
Kd4 Kb3 74. Qb1+ Ka4 75. Kc4 1-0

[Event "Voïvode Draculea-ch"]
[Site "Quebec CAN"]
[Date "2021.05.28"]
[Round "2"]
[White "Michel, Andie"]
[Black "Caire, Francois"]
[Result "0-1"]
[WhiteElo "1187"]
[BlackElo "2193"]
[PlyCount "108"]
[EventDate "2021.05.28"]
[EventType "tourn (rapid)"]
[EventRounds "5"]
[EventCountry "CAN"]

1. e4 e5 2. Nf3 Nc6 3. Bc4 Nf6 4. Nc3 Nxe4 5. Bd5 Nxc3 6. dxc3 f6 7. O-O d6 8.
h3 Qe7 9. a3 Be6 10. c4 g6 11. Re1 Bg7 12. c3 O-O 13. Bxe6+ Qxe6 14. Qd5 Qxd5
15. cxd5 Ne7 16. c4 b5 17. b3 bxc4 18. bxc4 Rab8 19. Bd2 Rb7 20. Rab1 Rfb8 21.
Bb4 a5 22. Bxa5 Rxb1 23. Bxc7 Rxe1+ 24. Nxe1 Rb1 25. Kf1 Nc8 26. g4 Rc1 27. c5
Rxc5 28. Bb8 Rxd5 29. a4 Ra5 30. Nd3 Rxa4 31. Nb2 Rb4 32. Nd3 Rxb8 33. f3 Kf7
34. h4 f5 35. g5 d5 36. Nc5 Bf8 37. Nd7 Rb1+ 38. Ke2 Bd6 39. Nf6 d4 40. Nd5 Ke6
41. Nf6 h5 42. gxh6 Kxf6 43. h7 Kg7 44. h8=Q+ Kxh8 45. Kd3 Nb6 46. h5 gxh5 47.
Kc2 Rf1 48. Kb3 h4 49. f4 e4 50. Kb2 h3 51. Kb3 h2 52. Kc2 h1=Q 53. Kb2 Qf3 54.
Ka2 Qa3# 0-1

[Event "Voïvode Draculea-ch"]
[Site "Quebec CAN"]
[Date "2021.05.28"]
[Round "3"]
[White "Adam, Sebastien"]
[Black "Caire, Francois"]
[Result "0-1"]
[WhiteElo "1407"]
[BlackElo "2193"]
[PlyCount "40"]
[EventDate "2021.05.28"]
[EventType "tourn (rapid)"]
[EventRounds "5"]
[EventCountry "CAN"]

1. e4 e5 2. Nf3 Nc6 3. Bc4 Nf6 4. d3 Be7 5. O-O d6 6. c3 O-O 7. a4 h6 8. h3 Kh8
9. Bb3 Nh7 10. Bc2 f5 11. Nbd2 fxe4 12. dxe4 Ng5 13. Nxg5 Bxg5 14. Nf3 Bxc1 15.
Qxc1 Rxf3 16. gxf3 Bxh3 17. f4 Qh4 18. Qe3 exf4 19. Qf3 Ne5 20. Qh1 Qg4+ 0-1

[Event "Voïvode Draculea-ch"]
[Site "Quebec CAN"]
[Date "2021.05.28"]
[Round "3"]
[White "Grenier, Jean-Michel"]
[Black "Adam, Rafael"]
[Result "0-1"]
[WhiteElo "1646"]
[BlackElo "1938"]
[PlyCount "114"]
[EventDate "2021.05.28"]
[EventType "tourn (rapid)"]
[EventRounds "5"]
[EventCountry "CAN"]

1. d4 Nf6 2. c4 e6 3. Nf3 b6 4. Nc3 Bb7 5. Bf4 d6 6. e3 Nh5 7. Bg3 Nxg3 8. fxg3
Be7 9. Bd3 Nd7 10. O-O O-O 11. Qc2 g6 12. e4 e5 13. d5 Nc5 14. Be2 a5 15. a3 a4
16. Nd2 Qd7 17. Qd1 Bg5 18. Ncb1 f5 19. exf5 gxf5 20. Nf3 Bh6 21. Nh4 Be3+ 22.
Kh1 Rf6 23. Bg4 Raf8 24. Bh3 Ne4 25. Qe2 Bd4 26. Nd2 Nxd2 27. Qxd2 Kh8 28. Qg5
Bc8 29. Qh5 Qf7 30. Qe2 f4 31. Bxc8 Rxc8 32. gxf4 Rxf4 33. Nf3 Bc5 34. Ng5 Qf6
35. Ne6 Rf2 36. Rxf2 Qxf2 37. Qxf2 Bxf2 38. Rf1 Bd4 39. Rb1 c6 40. Nxd4 exd4
41. Rd1 cxd5 42. Rxd4 Rxc4 43. Rxc4 dxc4 44. Kg1 d5 45. Kf2 d4 46. Ke2 d3+ 47.
Kd2 Kg7 48. Ke3 Kf6 49. Kf2 Kf5 50. Kf3 b5 51. Ke3 Kg4 52. Kd2 Kf4 53. Ke1 Ke3
54. Kd1 h5 55. h3 h4 56. Ke1 d2+ 57. Kd1 Kd3 0-1

[Event "Voïvode Draculea-ch"]
[Site "Quebec CAN"]
[Date "2021.05.28"]
[Round "3"]
[White "Potvin, Alain-Nicolas"]
[Black "Michel, Andie"]
[Result "1-0"]
[WhiteElo "1676"]
[BlackElo "1187"]
[PlyCount "87"]
[EventDate "2021.05.28"]
[EventType "tourn (rapid)"]
[EventRounds "5"]
[EventCountry "CAN"]

1. d4 d5 2. Nf3 Nf6 3. Bf4 Bf5 4. e3 e6 5. c3 Bd6 6. Ne5 O-O 7. Nd2 Nbd7 8.
Ndf3 c5 9. Bb5 Ne4 10. Nxd7 Bxf4 11. exf4 e5 12. Nxf8 Kxf8 13. dxe5 h6 14. O-O
a6 15. Bd3 Bg4 16. Bxe4 dxe4 17. Qxd8+ Rxd8 18. h3 Bxf3 19. gxf3 exf3 20. Rfd1
Re8 21. Rd7 g5 22. fxg5 hxg5 23. Re1 Re6 24. Rd6 Re7 25. e6 f6 26. Rd7 c4 27.
Kh2 f5 28. Re5 g4 29. Rxf5+ Ke8 30. Rxe7+ Kxe7 31. hxg4 Kxe6 32. Rxf3 Ke5 33.
Kg3 b5 34. g5 a5 35. g6 b4 36. cxb4 axb4 37. g7 b3 38. axb3 cxb3 39. g8=Q Ke4
40. Qg4+ Ke5 41. Rf5+ Ke6 42. Qg6+ Ke7 43. Rf7+ Ke8 44. Qg8# 1-0

[Event "Voïvode Draculea-ch"]
[Site "Quebec CAN"]
[Date "2021.05.28"]
[Round "4"]
[White "Adam, Rafael"]
[Black "Michel, Andie"]
[Result "1-0"]
[WhiteElo "1938"]
[BlackElo "1187"]
[PlyCount "79"]
[EventDate "2021.05.28"]
[EventType "tourn (rapid)"]
[EventRounds "5"]
[EventCountry "CAN"]

1. d4 d5 2. c4 Nf6 3. cxd5 Nxd5 4. e4 Nb6 5. Be3 e6 6. Nc3 Bb4 7. f3 c6 8. Nge2
N6d7 9. a3 Be7 10. Qd2 Nb6 11. Nc1 N8d7 12. Nb3 Nf6 13. O-O-O O-O 14. g4 h6 15.
h4 e5 16. dxe5 Nh7 17. Qxd8 Rxd8 18. Rxd8+ Bxd8 19. Nc5 Be7 20. Kc2 Rb8 21.
N3a4 Nd7 22. Nxd7 Bxd7 23. Nc5 Be6 24. Nxe6 fxe6 25. Bc4 Kf8 26. Bxe6 b6 27. g5
Bc5 28. Bxc5+ bxc5 29. g6 Ke7 30. gxh7 Kxe6 31. Rg1 Kxe5 32. Rxg7 a5 33. Rg8
Rb5 34. h8=Q+ Kf4 35. Qf6+ Ke3 36. Qc3+ Kf2 37. f4 h5 38. Rg3 Kf1 39. Qf3+ Ke1
40. Rg1# 1-0

[Event "Voïvode Draculea-ch"]
[Site "Quebec CAN"]
[Date "2021.05.28"]
[Round "4"]
[White "Adam, Sebastien"]
[Black "Grenier, Jean-Michel"]
[Result "0-1"]
[WhiteElo "1407"]
[BlackElo "1646"]
[PlyCount "68"]
[EventDate "2021.05.28"]
[EventType "tourn (rapid)"]
[EventRounds "5"]
[EventCountry "CAN"]

1. e4 e6 2. d4 d5 3. e5 c5 4. c3 Ne7 5. Nf3 Nec6 6. Be3 b6 7. Be2 Ba6 8. O-O
Bxe2 9. Qxe2 Be7 10. Nbd2 O-O 11. a4 a5 12. h3 cxd4 13. cxd4 Nb4 14. Rfc1 Qd7
15. Nf1 N8a6 16. Rc3 Rac8 17. Rac1 Rxc3 18. bxc3 Qxa4 19. cxb4 Nxb4 20. Rc7 Re8
21. Bg5 Bf8 22. Rb7 Qc6 23. Ra7 h6 24. Be3 a4 25. Qd1 b5 26. Qc1 Qxc1 27. Bxc1
Nd3 28. Bd2 Rb8 29. Ne1 Nb2 30. Nc2 Nc4 31. Bb4 Bxb4 32. Nxb4 a3 33. Nc6 Rb6
34. Ne7+ Kh7 0-1

[Event "Voïvode Draculea-ch"]
[Site "Quebec CAN"]
[Date "2021.05.28"]
[Round "4"]
[White "Caire, Francois"]
[Black "Potvin, Alain-Nicolas"]
[Result "1-0"]
[WhiteElo "2193"]
[BlackElo "1676"]
[PlyCount "49"]
[EventDate "2021.05.28"]
[EventType "tourn (rapid)"]
[EventRounds "5"]
[EventCountry "CAN"]

1. b4 Nf6 2. Bb2 g6 3. Nf3 Bg7 4. e3 d6 5. d4 Bg4 6. Nbd2 O-O 7. Be2 Nbd7 8. h3
Bxf3 9. Nxf3 Re8 10. O-O e5 11. c4 c6 12. dxe5 dxe5 13. c5 Nd5 14. Qb3 Qe7 15.
Bc4 e4 16. Nd4 N7f6 17. Rac1 Rac8 18. Rfd1 a6 19. Ne2 Rcd8 20. Rd2 Nc7 21. Rcd1
Rxd2 22. Rxd2 Nd7 23. Bxf7+ Qxf7 24. Qxf7+ Kxf7 25. Rxd7+ 1-0

[Event "Voïvode Draculea-ch"]
[Site "Quebec CAN"]
[Date "2021.05.28"]
[Round "5"]
[White "Adam, Rafael"]
[Black "Caire, Francois"]
[Result "0-1"]
[WhiteElo "1938"]
[BlackElo "2193"]
[PlyCount "70"]
[EventDate "2021.05.28"]
[EventType "tourn (rapid)"]
[EventRounds "5"]
[EventCountry "CAN"]

1. d4 Nf6 2. c4 g6 3. g3 c6 4. Bg2 d5 5. cxd5 cxd5 6. Nc3 Bg7 7. Nf3 Ne4 8. O-O
O-O 9. Nxe4 dxe4 10. Ne5 f6 11. Nc4 f5 12. e3 Be6 13. b3 Nc6 14. Ba3 Qd7 15.
Qd2 b5 16. Na5 Rac8 17. Rac1 Ne5 18. Rc2 Rxc2 19. Qxc2 Rc8 20. Qd2 Nf3+ 21.
Bxf3 exf3 22. Rc1 Rxc1+ 23. Qxc1 Bd5 24. Qc5 Bf6 25. h4 Kg7 26. Kh2 g5 27. hxg5
Bxg5 28. Qc2 Qe6 29. Kg1 f4 30. Qd3 fxg3 31. fxg3 Qh3 32. Kf2 Qg2+ 33. Ke1 f2+
34. Kd2 f1=Q+ 35. Kc3 Qe1+ 0-1

[Event "Voïvode Draculea-ch"]
[Site "Quebec CAN"]
[Date "2021.05.28"]
[Round "5"]
[White "Michel, Andie"]
[Black "Grenier, Jean-Michel"]
[Result "0-1"]
[WhiteElo "1187"]
[BlackElo "1646"]
[PlyCount "108"]
[EventDate "2021.05.28"]
[EventType "tourn (rapid)"]
[EventRounds "5"]
[EventCountry "CAN"]

1. e4 e6 2. Nf3 d5 3. exd5 exd5 4. d4 Nf6 5. Bd3 Bd6 6. Bg5 h6 7. Bd2 O-O 8.
O-O Bg4 9. h3 Bh5 10. Nc3 c6 11. Be2 Nbd7 12. Be3 Bg6 13. Re1 Ne4 14. Na4 Qc7
15. Bd3 Ndf6 16. Nc5 b6 17. Nxe4 dxe4 18. Ne5 exd3 19. cxd3 Bxe5 20. dxe5 Nd5
21. Qd2 Nxe3 22. Qxe3 Rfe8 23. Qg3 Rad8 24. e6 Qxg3 25. exf7+ Kxf7 26. fxg3
Rxd3 27. Rf1+ Ke7 28. Rae1+ Kd7 29. Rd1 Rxd1 30. Rxd1+ Kc7 31. g4 Re2 32. h4
Rxb2 33. h5 Be4 34. Ra1 Rxg2+ 35. Kf1 Rxg4 36. Kf2 Bd5 37. a3 Rh4 38. Re1 Re4
39. Rg1 Re7 40. Rg3 c5 41. Rc3 Rf7+ 42. Kg3 Rf3+ 43. Rxf3 Bxf3 44. Kxf3 Kd6 45.
Kf4 Ke6 46. Ke4 Kf6 47. Kd5 Kg5 48. Kc4 Kxh5 49. Kb5 Kg4 50. Ka6 c4 51. Kb5 c3
52. Ka6 c2 53. Kxa7 c1=Q 54. a4 Qc4 0-1

[Event "Voïvode Draculea-ch"]
[Site "Quebec CAN"]
[Date "2021.05.28"]
[Round "5"]
[White "Potvin, Alain-Nicolas"]
[Black "Adam, Sebastien"]
[Result "1-0"]
[WhiteElo "1676"]
[BlackElo "1407"]
[PlyCount "37"]
[EventDate "2021.05.28"]
[EventType "tourn (rapid)"]
[EventRounds "5"]
[EventCountry "CAN"]

1. d4 Nf6 2. Nf3 e6 3. Bf4 Bb4+ 4. c3 Ba5 5. Nbd2 b5 6. e4 h6 7. h3 a6 8. Bd3
O-O 9. O-O d6 10. Qe2 Re8 11. Bh2 Bb7 12. Rad1 Bb6 13. Bb1 Nbd7 14. Qd3 Rc8 15.
e5 dxe5 16. dxe5 Nd5 17. Qh7+ Kf8 18. Bg3 Ne7 19. Bh4 1-0

[Event "Wilhelmina, la reine des damnes Online"]
[Site "Quebec CAN"]
[Date "2021.01.29"]
[Round "1"]
[White "Drolet, Stephane"]
[Black "Adam, Rafael"]
[Result "1-0"]
[WhiteElo "2181"]
[BlackElo "1926"]
[PlyCount "61"]
[EventDate "2021.01.29"]
[EventType "swiss (rapid)"]
[EventRounds "4"]
[EventCountry "CAN"]

1. Nf3 Nf6 2. c4 g6 3. Nc3 Bg7 4. e4 d6 5. d4 O-O 6. h3 Nc6 7. d5 Nb8 8. Bd3
Nbd7 9. O-O Nc5 10. Bc2 a5 11. Bg5 h6 12. Be3 b6 13. Qd2 Kh7 14. e5 Nfd7 15. e6
fxe6 16. Nh4 Ne5 17. Bxc5 bxc5 18. f4 Bf6 19. fxe5 Bxh4 20. g3 Bg5 21. Qd3 Rf5
22. h4 dxe5 23. hxg5 Rxg5 24. Ne4 Rf5 25. g4 exd5 26. gxf5 Bxf5 27. Ng5+ hxg5
28. Rxf5 dxc4 29. Rf7+ Kh8 30. Qh3+ Kg8 31. Qh7# 1-0

[Event "Wilhelmina, la reine des damnes Online"]
[Site "Quebec CAN"]
[Date "2021.01.29"]
[Round "1"]
[White "Mercure, Gilbert"]
[Black "Potvin, Alain-Nicolas"]
[Result "0-1"]
[WhiteElo "1779"]
[BlackElo "1633"]
[PlyCount "118"]
[EventDate "2021.01.29"]
[EventType "swiss (rapid)"]
[EventRounds "4"]
[EventCountry "CAN"]

1. e4 g6 2. d4 Bg7 3. Be3 d6 4. Bd3 Nf6 5. Ne2 O-O 6. f3 e5 7. dxe5 dxe5 8. Qd2
Nh5 9. g4 Nf4 10. Nxf4 exf4 11. Bf2 Bxb2 12. O-O Bxa1 13. c3 Be6 14. Rd1 Qe7
15. Qc2 Nc6 16. Nd2 Rfd8 17. Rxa1 Ne5 18. Be2 Bc4 19. Nxc4 Nxc4 20. Bxc4 b6 21.
h4 Rd6 22. Rd1 Rad8 23. Rxd6 Qxd6 24. Bd4 c5 25. e5 Qc6 26. Qd3 cxd4 27. cxd4
Rc8 28. Bb3 Qc3 29. Qe4 Qc1+ 30. Kf2 Qd2+ 31. Qe2 Qxe2+ 32. Kxe2 Rc3 33. d5 Kf8
34. d6 Re3+ 35. Kf2 Rd3 36. g5 b5 37. Ke2 Re3+ 38. Kf2 Rxe5 39. Kg2 Re3 40. Bd5
Rd3 41. Be4 Rxd6 42. Kh3 a5 43. Kg4 b4 44. Kxf4 a4 45. Ke5 Re6+ 46. Kd4 b3 47.
Kc3 bxa2 48. Kb2 Ke7 49. Kxa2 Ra6 50. Ka3 Kd6 51. Bd3 Ra7 52. f4 Kd5 53. f5 Ke5
54. fxg6 hxg6 55. Bb5 Kf4 56. Bxa4 Rxa4+ 57. Kxa4 Kg4 58. Kb4 Kxh4 59. Kc5 Kxg5
0-1

[Event "Wilhelmina, la reine des damnes Online"]
[Site "Quebec CAN"]
[Date "2021.01.29"]
[Round "2"]
[White "Michel, Andie"]
[Black "Drolet, Stephane"]
[Result "0-1"]
[WhiteElo "1189"]
[BlackElo "2181"]
[PlyCount "38"]
[EventDate "2021.01.29"]
[EventType "swiss (rapid)"]
[EventRounds "4"]
[EventCountry "CAN"]

1. e4 e5 2. Nf3 Nf6 3. Nc3 Bb4 4. Bc4 O-O 5. O-O Nc6 6. d4 exd4 7. Nxd4 Bxc3 8.
Nxc6 dxc6 9. bxc3 Qxd1 10. Rxd1 Nxe4 11. Ba3 Re8 12. Rd3 b5 13. Bb3 a5 14. Rad1
a4 15. Bxf7+ Kxf7 16. Rf3+ Nf6 17. c4 Bg4 18. Rdd3 Bxf3 19. Rxf3 Re1# 0-1

[Event "Wilhelmina, la reine des damnes Online"]
[Site "Quebec CAN"]
[Date "2021.01.29"]
[Round "2"]
[White "Potvin, Alain-Nicolas"]
[Black "Adam, Rafael"]
[Result "0-1"]
[WhiteElo "1633"]
[BlackElo "1926"]
[PlyCount "64"]
[EventDate "2021.01.29"]
[EventType "swiss (rapid)"]
[EventRounds "4"]
[EventCountry "CAN"]

1. d4 Nf6 2. Nf3 e6 3. Bf4 c5 4. e3 b6 5. Nbd2 Bb7 6. c3 d5 7. Be2 Nbd7 8. Ne5
Nxe5 9. Bxe5 Be7 10. Qa4+ Nd7 11. O-O O-O 12. Bg3 a6 13. Nf3 b5 14. Qc2 Rc8 15.
Qd2 b4 16. cxb4 cxb4 17. Rfc1 Qb6 18. b3 a5 19. Ne5 Nf6 20. f3 Ba6 21. Bxa6
Qxa6 22. Rc2 Rxc2 23. Qxc2 Rc8 24. Qd2 Rc3 25. Rc1 Qc8 26. Rxc3 bxc3 27. Qc2
Ne8 28. Be1 Bb4 29. a3 Bxa3 30. Qxc3 Qb7 31. Qxa5 Qxb3 32. Qc3 Qxc3 0-1

[Event "Wilhelmina, la reine des damnes Online"]
[Site "Quebec CAN"]
[Date "2021.01.29"]
[Round "3"]
[White "Adam, Rafael"]
[Black "Mercure, Gilbert"]
[Result "1-0"]
[WhiteElo "1926"]
[BlackElo "1779"]
[PlyCount "63"]
[EventDate "2021.01.29"]
[EventType "swiss (rapid)"]
[EventRounds "4"]
[EventCountry "CAN"]

1. d4 d5 2. c4 e5 3. dxe5 d4 4. Nf3 Nc6 5. a3 Nge7 6. e3 Bg4 7. Be2 dxe3 8.
Qxd8+ Rxd8 9. Bxe3 Ng6 10. O-O Bxf3 11. Bxf3 Ngxe5 12. Be2 Be7 13. Nc3 O-O 14.
Nd5 Rd7 15. Rfd1 f5 16. f4 Ng6 17. Nf6+ Bxf6 18. Rxd7 Re8 19. Kf2 Nf8 20. Rxc7
Ne6 21. Rxb7 Ned4 22. Bxd4 Nxd4 23. Bf3 a5 24. Re1 Rd8 25. Bd5+ Kh8 26. b4 axb4
27. axb4 h5 28. g3 h4 29. Kg2 Ra8 30. c5 hxg3 31. hxg3 Rd8 32. Rh1+ 1-0

[Event "Wilhelmina, la reine des damnes Online"]
[Site "Quebec CAN"]
[Date "2021.01.29"]
[Round "3"]
[White "Arteau, Benoît"]
[Black "Michel, Andie"]
[Result "1-0"]
[WhiteElo "1920"]
[BlackElo "1189"]
[PlyCount "95"]
[EventDate "2021.01.29"]
[EventType "swiss (rapid)"]
[EventRounds "4"]
[EventCountry "CAN"]

1. e4 e5 2. Nf3 Nc6 3. Bb5 Nf6 4. d3 Bc5 5. O-O O-O 6. c3 a6 7. Bc4 d5 8. exd5
Nxd5 9. d4 exd4 10. cxd4 Be7 11. Nc3 Nxc3 12. bxc3 Bg4 13. Qd3 h6 14. Rb1 b6
15. Bxa6 Bxf3 16. gxf3 Bg5 17. Bb7 Rxa2 18. Bxc6 Bxc1 19. Rbxc1 Qg5+ 20. Kh1
Rd8 21. Qe3 Qxe3 22. fxe3 g5 23. e4 Kg7 24. Bd5 Rb2 25. Kg1 h5 26. Rf2 f6 27.
Rxb2 g4 28. fxg4 hxg4 29. Rg2 f5 30. h3 Kh6 31. hxg4 f4 32. g5+ Kg7 33. Rf1 Rf8
34. Rg4 f3 35. Rg3 f2+ 36. Rxf2 Rxf2 37. Kxf2 Kg6 38. Kf3 c5 39. Kf4 cxd4 40.
cxd4 b5 41. Rh3 Kg7 42. Kf5 b4 43. g6 Kf8 44. Kf6 b3 45. g7+ Ke8 46. g8=Q+ Kd7
47. Rh7+ Kd6 48. Qb8# 1-0

[Event "Wilhelmina, la reine des damnes Online"]
[Site "Quebec CAN"]
[Date "2021.01.29"]
[Round "3"]
[White "Drolet, Stephane"]
[Black "Potvin, Alain-Nicolas"]
[Result "1-0"]
[WhiteElo "2181"]
[BlackElo "1633"]
[PlyCount "52"]
[EventDate "2021.01.29"]
[EventType "swiss (rapid)"]
[EventRounds "4"]
[EventCountry "CAN"]

1. Nf3 g6 2. c4 Bg7 3. d4 Nf6 4. Nc3 d6 5. e4 O-O 6. h3 Nc6 7. d5 Nb8 8. Bd3 c5
9. O-O a6 10. Bf4 Nbd7 11. Qd2 Rb8 12. a4 Nh5 13. Bh6 Ne5 14. Nxe5 dxe5 15. Be3
f5 16. Bxc5 Nf4 17. a5 Nxd3 18. Qxd3 fxe4 19. Nxe4 Bf5 20. Rfe1 Qc7 21. b4 Rfd8
22. Bb6 Qd7 23. Bxd8 Rxd8 24. Rad1 Qa4 25. Qd2 Rc8 26. Nc5 Qc6 1-0

[Event "Wilhelmina, la reine des damnes Online"]
[Site "Quebec CAN"]
[Date "2021.01.29"]
[Round "4"]
[White "Adam, Rafael"]
[Black "Arteau, Benoît"]
[Result "0-1"]
[WhiteElo "1926"]
[BlackElo "1920"]
[PlyCount "68"]
[EventDate "2021.01.29"]
[EventType "swiss (rapid)"]
[EventRounds "4"]
[EventCountry "CAN"]

1. d4 Nf6 2. Bg5 e6 3. e3 d5 4. Bd3 Be7 5. Nd2 Nbd7 6. f4 c5 7. c3 b6 8. Ngf3
Bb7 9. O-O Rc8 10. Qe2 O-O 11. Ne5 Re8 12. a4 Nf8 13. Ndf3 N6d7 14. Bxe7 Qxe7
15. a5 c4 16. Bc2 b5 17. g4 f6 18. Nxd7 Qxd7 19. e4 e5 20. h3 exf4 21. e5 Ng6
22. Bxg6 hxg6 23. Qd2 g5 24. Qc2 Rc6 25. Rfe1 Rce6 26. Kf2 fxe5 27. Nxe5 Rxe5
28. Rxe5 Rxe5 29. dxe5 Qc6 30. Rg1 d4 31. cxd4 Qf3+ 32. Ke1 Qe3+ 33. Kf1 Qxh3+
34. Kf2 Qh2+ 0-1

[Event "Wilhelmina, la reine des damnes Online"]
[Site "Quebec CAN"]
[Date "2021.01.29"]
[Round "4"]
[White "Potvin, Alain-Nicolas"]
[Black "Michel, Andie"]
[Result "1-0"]
[WhiteElo "1633"]
[BlackElo "1189"]
[PlyCount "79"]
[EventDate "2021.01.29"]
[EventType "swiss (rapid)"]
[EventRounds "4"]
[EventCountry "CAN"]

1. d4 d5 2. Nf3 Nf6 3. Bf4 Bf5 4. e3 Nbd7 5. Nbd2 Nb6 6. c3 a6 7. Be2 Be4 8.
Nxe4 Nxe4 9. O-O e6 10. Ne5 Be7 11. f3 Ng5 12. Bd3 h6 13. e4 dxe4 14. fxe4 O-O
15. Qg4 Bd6 16. h4 Bxe5 17. Bxe5 Nd7 18. Bf4 Nf6 19. Qe2 Ngh7 20. e5 Nd5 21.
Bd2 Qxh4 22. Rf3 Ng5 23. Bxg5 Qxg5 24. Qe4 g6 25. Raf1 h5 26. Qe1 Kg7 27. Rg3
Qh6 28. Qf2 f6 29. Rxg6+ Qxg6 30. Bxg6 Kxg6 31. c4 Nb4 32. Qg3+ Kh7 33. exf6
Rg8 34. Qh4 Kh6 35. f7 Rg6 36. f8=Q+ Rxf8 37. Rxf8 Rxg2+ 38. Kxg2 Nd3 39. Qf6+
Kh7 40. Rh8# 1-0